Statistics for Satellite images of Countries #1

Click here to take the quiz!

General Stats

  • This quiz has been taken 12 times
  • The average score is 12 of 16

Answer Stats

Answer% Correct
Australia
100%
China
100%
Iceland
100%
Italy
100%
United Kingdom
100%
Brazil
92%
France
92%
Portugal
83%
Panama
67%
The Bahamas
67%
Tunisia
67%
Malaysia
58%
Cape Verde
50%
United Arab Emirated
50%
Fiji
42%
Tanzania
33%

Score Distribution

Percentile by Number Answered

Percent of People with Each Score

Your Score History

You have not taken this quiz